| 000 | 00779nam a2200241Ia 4500 | ||
|---|---|---|---|
| 003 | OSt | ||
| 005 | 20240628144908.0 | ||
| 008 | 210716s1992 xx 000 0 und d | ||
| 020 | _a8185623627 | ||
| 040 | _cAIMIT LIBRARY | ||
| 041 | _aeng | ||
| 082 |
_a005.1331 _21 _bWOOR |
||
| 100 |
_aWoolard, Rex. _9171944 |
||
| 245 |
_aMaster c++: _blet the teach you object- oriented programming / _cBy Rex Woolard, Robert Lafore and Harry Handerson. |
||
| 250 | _a1st ed. | ||
| 260 |
_aNew Delhi : _bGalgotia Publication Pvt Ltd ; _c1992. |
||
| 300 |
_aviii,391p. ; _bPB _c24 cm. |
||
| 650 |
_aUsing master c++ _9171945 |
||
| 650 |
_aFurther reading _9171946 |
||
| 700 |
_aLafore, Robert. _9171947 |
||
| 700 |
_aHenderson, Harry. _9171948 |
||
| 942 |
_2ddc _cBK _e1st ed. _k005.1331 WOOR |
||
| 999 |
_c182553 _d182553 |
||